000
00238 a2200097 4500
001
52913
100
_a
Shaw H
245
_a
Errors in English & Ways to Correct Them
260
_a
New York
_b
Barnes & Noble Books
_c
090
_c
33261
_d
33261
942
_a
NUST-CAE
_c
M
_c
25849
999
_c
287986
_d
287986